000 00638nam a2200241 i 4500
001 C2-0097428
003 PPAK
005 20180727094040.0
008 970525s1993 at a|||| ||||| | eng d
020 _a0947334475
040 _aPPAK
_beng
_cPPAK
_erda
082 0 4 _a641.589
_223
090 0 0 _a641.589
_bSOL
_dG
100 1 _aSolomon, Charmaine,
_eauthor
245 1 0 _aQuik meals in a wok
264 1 _aVictoria :
_bHamlyn ,
_c1993
300 _av, 86 pages :
_billustrations ;
_c22 cm
336 _2rdacontent
_atext
337 _2rdamedia
_aunmediated
338 _2rdacarrier
_avolume
650 1 0 _aWok cookery
942 _ddc
_cB
999 _c21334
_d21334